000 00234nam a2200109 4500
082 _aSTU
100 _aStultz, Russel
245 _aIllustrated MS/PC-DOS
260 _aIndia:
_bBPB Publications,
_c1989.
300 _a267p. ;
942 _cBK
999 _c9507
_d9507